IFM Opac

THE DIPLOMATS:THE FOREIGN OFFICE TODAY (Record no. 16986)

MARC details
000 -LEADER
fixed length control field 00324nam a22001337a 4500
020 ## - INTERNATIONAL STANDARD BOOK NUMBER
International Standard Book Number 0224013238
082 ## - DEWEY DECIMAL CLASSIFICATION NUMBER
Classification number 341.33MOO
100 ## - MAIN ENTRY--PERSONAL NAME
Personal name GEOFFREY MOORHOUSE
245 ## - TITLE STATEMENT
Title THE DIPLOMATS:THE FOREIGN OFFICE TODAY
260 ## - PUBLICATION, DISTRIBUTION, ETC.
Place of publication, distribution, etc. LONDON
Name of publisher, distributor, etc. JONATHAN CAPE
Date of publication, distribution, etc. 1977
300 ## - PHYSICAL DESCRIPTION
Extent xii,405pg.
Other physical details 22cm
500 ## - GENERAL NOTE
General note include index
942 ## - ADDED ENTRY ELEMENTS (KOHA)
Koha item type Books
Holdings
Withdrawn status Lost status Source of classification or shelving scheme Damaged status Not for loan Home library Current library Shelving location Date acquired Full call number Barcode Date last seen Price effective from Koha item type
    Dewey Decimal Classification     IFM Main Campus Library IFM Main Campus Library   03/17/2017 341.33MOO 0000016412 03/17/2017 03/17/2017 Books